A synthesis of national family policies 1996

Guardat en:
Dades bibliogràfiques
Autors principals: Ditch, John (Autor), Barnes, Helen (Autor), Bradshaw, Jonathan (Autor), Kilkey, Majella (Autor)
Format: Llibre
Idioma:anglès
Publicat: Londres European Commission 1998
Col·lecció:Employment and social affairs
Matèries:
Etiquetes: Afegir etiqueta
Sense etiquetes, Sigues el primer a etiquetar aquest registre!

MARC

LEADER 00000cam a2200000 a 4500
001 UCG2918
003 CL-VaPUC
008 100729e19980000uk |||||||||||||||||eng|d
020 |a 9282813819 
082 0 4 |a 362.82  |b DIT  |2 21 
100 0 |a Ditch, John  |e author  |9 551597 
700 0 |a Barnes, Helen  |e author  |9 551598 
700 0 |a Bradshaw, Jonathan  |e author  |9 551599 
700 0 |a Kilkey, Majella  |e author  |9 551600 
245 1 2 |a A synthesis of national family policies 1996 
300 |a 74 p 
942 |c BK 
945 |d 20100729 00:00:00  |a mfarfan 
260 |a Londres  |b European Commission  |c 1998 
650 0 |a Políticas sociales  |9 358116 
650 0 |a Familias   |9 255641 
651 0 |a Europa  |9 255156 
583 |a last modification  |c 20140813 04:05:33  |k Rodrigo Vera 
490 0 |a Employment and social affairs 
999 |c 342019  |d 342017 
952 |0 0  |1 0  |4 0  |6 362_820000000000000_DIT_1998  |7 0  |8 A  |9 437958  |a BIBGIM  |b BIBGIM  |d 2019-11-22  |i 4699688  |o 362.82 DIT 1998  |p 4699688  |r 2025-01-15  |w 2019-11-22  |y BK  |k GIM